Residential mortgage lending

Bibliographic Details
Main Author: Dennis, Marshall W.
Format: Book
Published: Englewood Cliffs, N. J. : Prentice Hall , 1992
Edition:3rd ed.
Subjects:

MARC

LEADER 00000cam a2200000 7i4500
001 0000002872
005 20050922.0
020 |a 0137554060 
040 |a INS 
090 0 0 |a HG2040.5.U5   |b D46 1992 
100 1 |a Dennis, Marshall W. 
245 1 0 |a Residential mortgage lending   |c Marshall W. Dennis 
250 |a 3rd ed. 
260 |a Englewood Cliffs, N. J. :   |b Prentice Hall ,   |c 1992 
300 |a xiv :   |b 303p. ;   |c 24 cm. 
650 0 0 |a Mortgage loans   |z United States 
999 |a 0000004997   |b BOOK   |c Open Shelf   |e Default branch